Θεωρία κόστους

Αποθηκεύτηκε σε:
Λεπτομέρειες βιβλιογραφικής εγγραφής
Κύριος συγγραφέας: Πάγγειος, Γιάννης Κ.
Μορφή: Βιβλίο
Γλώσσα:Greek
Δημοσίευση: Αθήνα - Πειραιάς : Εκδόσεις Α. Σταμούλης, 1994, 1993.
Θέματα:
Ετικέτες: Προσθήκη ετικέτας
Δεν υπάρχουν, Καταχωρήστε ετικέτα πρώτοι!

MARC

LEADER 00000cam a2200000 i 4500
001 1/37190
008 960925t19931994gr | ||| |||| ||gre||
020 |a 9607306414   |q (set) 
020 |a 9607306422   |q (τ. 1) 
020 |a 9607306430   |q (τ. 2) 
035 |l 10024632 
040 |a GR-MyUA  |b gre  |e AACR2 
041 0 |a gre 
082 7 |a 657.42   |2 (22) 
100 1 |a Πάγγειος, Γιάννης Κ. 
245 1 0 |a Θεωρία κόστους /   |c Γιάννης Κ. Πάγγειος.  
246 1 |i Άλλες παραλλαγές του τίτλου:   |a Θεωρία κόστους :   |b κοστολόγηση για λήψη επιχειρηματικών αποφάσεων 
260 |a Αθήνα - Πειραιάς :   |b Εκδόσεις Α. Σταμούλης,   |c 1994, 1993.  
300 |a 2 τ. ;   |c 24 εκ.  
505 8 |a Τ. 1. Έννοιες κόστους - Διακρίσεις - Συστήματα κοστολόγησης -- τ. 2. Άμεση κοστολόγηση - Κοστολόγηση συνεισφοράς - Συμπαράγωγα προϊόντα - Πρότυπη κοστολόγηση - Νεκρό σημείο. 
504 |a Περιλαμβάνει βιβλιογραφία.  
650 0 |a Cost accounting. 
650 0 |a Managerial accounting. 
852 |a INST  |b CHIOS  |e 19960926  |h 657.42 ΠΑΓ  |p 005200011560  |q 005200011560  |t BK  |y 0  |z τ.1 
852 |a INST  |b CHIOS  |e 19960926  |h 657.42 ΠΑΓ  |p 005200011561  |q 005200011561  |t BK  |y 0  |z τ.1 
852 |a INST  |b CHIOS  |e 19960925  |h 657.42 ΠΑΓ  |p 005200011581  |q 005200011581  |t BK  |y 0  |z τ.2 
852 |a INST  |b CHIOS  |e 19960925  |h 657.42 ΠΑΓ  |p 005200011589  |q 005200011589  |t BK  |y 0  |z τ.2 
852 |a INST  |b CHIOS  |e 20090518  |h 657.42 ΠΑΓ  |p 005200030311  |q 005200030311  |t BK  |y 0  |z τ.1 
852 |a INST  |b CHIOS  |e 20090518  |h 657.42 ΠΑΓ  |p 005200030312  |q 005200030312  |t BK  |y 0  |z τ.1 
852 |a INST  |b CHIOS  |e 20100816  |h 657.42 ΠΑΓ  |p 005200032007  |q 005200032007  |t BK  |y 0  |z τ.1 
852 |a INST  |b CHIOS  |e 20100816  |h 657.42 ΠΑΓ  |p 005200032009  |q 005200032009  |t BK  |y 0  |z τ.2 
852 |a INST  |b CHIOS  |e 19960926  |h 657.42 ΠΑΓ  |p 005200011560  |q 005200011560  |t BK  |v τ.1:  |y 0  |z τ.1 
852 |a INST  |b CHIOS  |e 19960926  |h 657.42 ΠΑΓ  |p 005200011561  |q 005200011561  |t BK  |v τ.1:  |y 0  |z τ.1 
852 |a INST  |b CHIOS  |e 19960925  |h 657.42 ΠΑΓ  |p 005200011581  |q 005200011581  |t BK  |v τ.2:  |y 0  |z τ.2 
852 |a INST  |b CHIOS  |e 19960925  |h 657.42 ΠΑΓ  |p 005200011589  |q 005200011589  |t BK  |v τ.2:  |y 0  |z τ.2 
852 |a INST  |b CHIOS  |e 20090518  |h 657.42 ΠΑΓ  |p 005200030311  |q 005200030311  |t BK  |v τ.1:  |y 0  |z τ.1 
852 |a INST  |b CHIOS  |e 20090518  |h 657.42 ΠΑΓ  |p 005200030312  |q 005200030312  |t BK  |v τ.1:  |y 0  |z τ.1 
852 |a INST  |b CHIOS  |e 20100816  |h 657.42 ΠΑΓ  |p 005200032007  |q 005200032007  |t BK  |v τ.1:  |y 0  |z τ.1 
852 |a INST  |b CHIOS  |e 20100816  |h 657.42 ΠΑΓ  |p 005200032009  |q 005200032009  |t BK  |v τ.2:  |y 0  |z τ.2 
852 |a INST  |b SAMOS  |e 20200915  |h 657.42 ΠΑΓ  |p 005300046737  |q 005300046737  |t BK  |v τ.1:  |y 0 
852 |a INST  |b SAMOS  |e 20200915  |h 657.42 ΠΑΓ  |p 005300046738  |q 005300046738  |t BK  |v τ.2:  |y 0 
853 |a INST  |b CHIOS  |h 657.42 ΠΑΓ 
853 |a INST  |b SAMOS  |h 657.42 ΠΑΓ 
901 |a BIBL2-2009-2 
901 |a BIBL2-2010-2